Introducción al estudio de la historia / (Record no. 31430)

MARC details
000 -LEADER
campo de control de longitud fija 00715nam a2200205 i 4500
001 - NÚMERO DE CONTROL
campo de control 31430
003 - IDENTIFICADOR DE NÚMERO DE CONTROL
campo de control ES-MaACL
005 - FECHA Y HORA DE LA ÚLTIMA TRANSACCIÓN
campo de control 20250809232001.0
007 - CAMPO FIJO DE DESCRIPCIÓN FÍSICA--INFORMACIÓN GENERAL
campo de control de longitud fija t|
008 - DATOS DE LONGITUD FIJA--INFORMACIÓN GENERAL
campo de control de longitud fija 030129s1944 sp ||||1| spa d
100 1# - ENTRADA PRINCIPAL--NOMBRE DE PERSONA
Nombre de persona Bauer, Wilhelm.
9 (RLIN) 26564
245 10 - MENCIÓN DEL TÍTULO
Título Introducción al estudio de la historia /
Mención de responsabilidad, etc. Wilhelm Bauer ; traducción de la segunda edición alemana y notas por Luis García de Valdeavellano.
260 ## - PUBLICACIÓN, DISTRIBUCIÓN, ETC.
Lugar de publicación, distribución, etc. Barcelona :
Nombre del editor, distribuidor, etc. Bosch,
Fecha de publicación, distribución, etc. [1944] (
Fabricante Imp. Clarasó)
300 ## - DESCRIPCIÓN FÍSICA
Extensión 626 p. ;
Dimensiones 23 cm.
650 04 - PUNTO DE ACCESO ADICIONAL DE MATERIA--TÉRMINO DE MATERIA
Término de materia o nombre geográfico como elemento de entrada Historiografía.
9 (RLIN) 13439
650 04 - PUNTO DE ACCESO ADICIONAL DE MATERIA--TÉRMINO DE MATERIA
Término de materia o nombre geográfico como elemento de entrada Historia-
Subdivisión general Metodología.
9 (RLIN) 13381
700 1# - ENTRADA AGREGADA--NOMBRE PERSONAL
Nombre de persona Valdeavellano, Luis G. de,
Fechas asociadas al nombre 1904-1985
9 (RLIN) 163968
852 ## - LOCALIZACIÓN
Ubicación ES-MaACL
Número de control de estantería E-1943
Sublocalización o colección R.28803
Holdings
Estatus retirado Estado de pérdida Estado de daño No para préstamo Biblioteca de origen Biblioteca actual Ubicación en estantería Fecha de adquisición Fuente de adquisición Total de préstamos Signatura topográfica completa Código de barras Visto por última vez Precio de reemplazo Tipo de ítem Koha
        Biblioteca del Ateneo de Madrid Biblioteca del Ateneo de Madrid Depósito 2 17/01/2008     E-1943 1032478 23/02/2023 23/02/2023 Libro impreso